| 000 | 00377nam a2200145Ia 4500 | ||
|---|---|---|---|
| 008 | 210210b1975 xxu||||| |||| 00| 0 eng d | ||
| 082 | _a546 AGRA | ||
| 100 | _aAGRAWAL (O P). | ||
| 245 | _aAdvanced inorganic chemistry. | ||
| 260 |
_aN D _bDhanpat Rai & sons _c1975 |
||
| 300 | _axii,333 | ||
| 650 | _aInorganic Chemistry | ||
| 690 | _aInorganic Chemistry | ||
| 906 | _aCC00318 | ||
| 999 |
_c109367 _d109367 |
||